000 00758nam a2200253 i 4500
001 19487
003 ES-MaACL
005 20250815004208.0
007 t|
008 020903s2001 sp ||||1| spa d
020 _a84-85691-99-7
080 _a355.48"19"
080 _a94(100)"19"
245 0 0 _aGuerras civiles en el siglo XX /
_cJulián Casanova (comp.) ; Paul Preston ... [et al.].
250 _a1ª ed.
260 _aMadrid :
_bPablo Iglesias,
_c2001.
300 _aX, 112 p. ;
_c21 cm.
650 1 4 _aGuerra-
_yS.XX.
_913178
650 7 _aHistoria contemporánea
_2embne
_913393
700 1 _aCasanova, Julián.
_936101
700 0 _aPreston, Paul,
_d1946-
_993797
852 _aES-MaACL
_jL-25926
_bR.131107
999 _c19487
_d19487